000 00721nam a2200241Ia 4500
003 OSt
005 20220926022755.0
006 a|||||r|||| 00| 0
007 ta
008 220923b |||||||| |||| 00| 0 eng d
037 _cGeneral Book
040 _aRTL
_cRTL
_beng
041 _2eng
_aeng
082 _aX:8:(D6,9(B), L8
100 _aSzweda Ralph A.
_945201
245 0 _aInformation processing management
250 _a2nd
260 _aNew York
_bVan Nostrand U. S. A.
_c1978
300 _aviii, 407p. Bibliography p.387-96; Appendix p.370-81; Glossary p.362-86
_ccm.
650 _aManagement
_930681
942 _hX:8:(D6,9(B), L8
_cGB
_2CC
999 _c640269
_d640269